000 00868nam a2200229Ia 4500
001 15596
003 GE_BSU
008 181216s||||||||xx |||||||||||||| ||und||
040 _cGE_BSU
080 _a821.353.1-32
100 _aწულეისკირი, ნოდარ
245 _aღვაწლი და წამება აბოსი და იოანესი
245 _bისტორიული მოთხრობა
245 _cრედ.ლ.თურმანიძე. მხატვ. სპ.ცინცაძე
260 _aთბილისი
260 _bმერანი
260 _c1981
300 _a319გვ. ; 20სმ.
653 _aისტორიული მოთხრობა
653 _aღვაწლი და წამება აბოსი და იოანესი
942 _cBK
999 _c48696
_d48696